Score 0/16 Timer 04:00
0 Plays Today
Hint Method of Welding % Correct
Uses a continuous consumable wire electrode and a sheilding gas.Metal Inert Gas Welding
91.2%
Uses a nonconsumable tungsten electrode. Filler metal is not always required.Tungsten Inert Gas Welding
88.4%
Uses a consumable coated electrode coated in flux.Stick Welding
74.7%
Uses a continuously fed tubular electrode containing a flux, sometimes with a sheilding gas as well.Flux-cored Arc Welding
45.1%
Uses a nonconsumable tungsten electrode, and a copper nozzle to constrict the arc and create a stream of ionized gas.Plasma Arc Welding
40.5%
Uses a fuel gas and oxygen to provide heat to melt the workpiece, then filler metal is added manually to the weld puddle.Oxyfuel Welding
40.2%
Uses two copper alloy electrodes to clamp the work and apply enough current to fuse the layers of metal. Mostly used for joining sheet metal.Spot Welding
36.9%
Uses a beam of coherent light as a heat source to melt and join two pieces of metal.Laser Beam Welding
31.1%
Hint Method of Welding % Correct
Two parts are spun at high speed and brought together. The heat generated causes the parts to fuse. Can also be performed by bringing a spinning probe into contact with the parts.Friction Welding
29.3%
Uses a graphite electrode to produce an electrical arc.Carbon Arc Welding
23.2%
Uses a continuous wire-feed electrode. The weld is buried in a blanket of granules which melts and covers the weld area, protecting it from the atmosphere.Submerged Arc Welding
20.1%
Uses a mixture of iron oxide and aluminum powders which is ignited. The resulting chemical reaction produces molten iron. Commonly used to join railroad tracks.Thermite Welding
16.8%
Uses a beam of high velocity charged particles to melt the workpiece.Electron Beam Welding
16.2%
Uses an energetic chemical reaction to accelerate one material into another at high velocity. The impact creates enough pressure to pernanently join the two parts.Explosion Welding
15.5%
Two very smooth parts are brought together in a vacuum, and fuse without heat when they touch each other. Pressure is applied to improve the contact area.Cold Welding
13.7%
Uses high-frequency vibration to join tiny wires or thin sheets. Commonly used with plastics as well as metals.Ultrasonic Welding
11.9%

You're not logged in!

Compare scores with friends on all Sporcle quizzes.
OR
Log In

Sporcle TV

Today on Sporcle TV


Watch our educational content, quiz creation guides, and fun videos on Sporcle TV.

Show Comments

Extras

Created Sep 30, 2009SourceReportNominate
Tags:method

Top Quizzes Today


Score Distribution

Paid Content

Your Account Isn't Verified!

In order to create a playlist on Sporcle, you need to verify the email address you used during registration. Go to your Sporcle Settings to finish the process.

Report this User

Report this user for behavior that violates our Community Guidelines.

Details: